01188nam a2200313 i 4500003000900000005001700009008004100026040004300067041000800110082002600118092000700144099003400151100003100185245007300216264003500289300002500324336002400349337002800373338004300401504005400444546002400498650005800522651001000580856005700590905001300647942001900660999001700679952017800696EG-GICUC20260121101526.0251220s1937 fr ||||fr|||| 000 0 fre d aEG-GiCUCbfrecEG-GiCUCdEG-GiCUCeRda afre04221a341.83055bMO . E04221 aLaw1 12 341.83055 MO . E 19371 aMoazzami, AbdollaheAuteur10aEssai Sur La Situation Des Étrangers en Iran /cAbdollah Moazzami. 1aParis :bRecueil Sirey,c1937. a275 Pages ;c24 cm . 2rda contenua texte 2rda mediasaOrdinateur 2 transporteur rdaa Ressource en ligne aInclude Bibliography And Bibliographic references aTexte en français14aÉtrangersxDroit international privézIran2qrmak1 2qrmak40uhttps://fll.law.cu.edu.eg/fulltext/bks/B12-01662.pdf a75eYara 2ddcn0cBKe21 c51789d51789 00102ddc40718القانون الدولي الخاصaCUbLAW1d2025-12-20l0oLaw1 12 341.83055 MO . E 1937 1201662 C1pB12-01662r2025-12-20 10:18:30t1w2025-12-20yBK